000 00592nam a2200229Ia 4500
008 191130s2007##################000#0#eng##
020 _a9780141031729
040 _aACL
_cACL
082 _a823 DIC
100 _aDickens, Charles
245 _aHard times
_cCharles Dickens
260 _aLondon
_bPenguin Classics
_c2007
300 _a365p
650 _aEducation
650 _aEngland
650 _aHard times (Dickens, Charles)
650 _aManners and customs
650 _aSocial history
990 _a4fc46a97ac10000c1e8bc6230c17a2d4
991 _a409427
999 _c238775
_d238775